Catholic University of Zimbabwe Library
Online Public Access Catalogue
(OPAC)

Mental subnormality : (Record no. 4960)

MARC details
000 -LEADER
fixed length control field 00719cam a22002411 4500
001 - CONTROL NUMBER
control field 0000005156
005 - DATE AND TIME OF LATEST TRANSACTION
control field 20170406120414.0
008 - FIXED-LENGTH DATA ELEMENTS--GENERAL INFORMATION
fixed length control field 830505s1960 enka 000 0 eng
010 ## - LIBRARY OF CONGRESS CONTROL NUMBER
LC control number 61003718
015 ## - NATIONAL BIBLIOGRAPHY NUMBER
National bibliography number GB60-9570
035 ## - SYSTEM CONTROL NUMBER
-- (DLC) 61003718
035 ## - SYSTEM CONTROL NUMBER
System control number (OCoLC)9483263
040 ## - CATALOGING SOURCE
Original cataloging agency DLC
Transcribing agency MdU-H
Modifying agency Uk
-- DLC
042 ## - AUTHENTICATION CODE
Authentication code emarc=LC PreMARC Retrospective Conversion Project
050 00 - LIBRARY OF CONGRESS CALL NUMBER
Classification number RC460
Item number .H4
082 0# - DEWEY DECIMAL CLASSIFICATION NUMBER
Classification number 362.3
100 2# - MAIN ENTRY--PERSONAL NAME
Personal name Heaton-Ward, W. Alan
Fuller form of name (William Alan)
245 10 - TITLE STATEMENT
Title Mental subnormality :
Remainder of title subnormality and severe subnormality.
260 ## - PUBLICATION, DISTRIBUTION, ETC.
Place of publication, distribution, etc. Bristol [Eng.] :
Name of publisher, distributor, etc. J. Wright,
Date of publication, distribution, etc. 1960.
300 ## - PHYSICAL DESCRIPTION
Extent 64 p. :
Other physical details illus. ;
Dimensions 22 cm.
650 #0 - SUBJECT ADDED ENTRY--TOPICAL TERM
Topical term or geographic name entry element Mental illness.
908 ## - PUT COMMAND PARAMETER (RLIN)
Put command parameter 141204
Holdings
Withdrawn status Lost status Source of classification or shelving scheme Damaged status Not for loan Home library Current library Shelving location Date acquired Total Checkouts Full call number Barcode Date last seen Copy number Price effective from Koha item type
          CUZ Harare Campus CUZ Harare Campus Open Shelf 06.04.2017   RC 570. H39 BK0005955 22.05.2025 CU6486 06.04.2017 OS Book

OPENING HOURS

Weekdays: 0815hrs - 1800hrs
Weekends:0900hrs - 1200hrs

Closed for Mass:

Mon, Thur: 1200hrs - 1300hrs
Sunday & Public Holiday’s

CALL SUPPORT

0242-570570, 0242-570169
09200664, +263 8644140602

LOCATION

18443, Cranborne Avenue, Hatfield, Harare

Other Links


©2021 | CUZ Library